| 000 | 00572nam a22001817a 4500 | ||
|---|---|---|---|
| 005 | 20240426125251.0 | ||
| 008 | 240426b |||||||| |||| 00| 0 eng d | ||
| 020 | _a9780619035655 | ||
| 082 |
_a005.133 _bDOK-O |
||
| 100 | _aEDoke, Reed E | ||
| 245 |
_aObject-oriented application development using java / _cJohn W.Satzinger, Sausan Rebstock Williams |
||
| 260 |
_aindia: _bCengage learning; _c2002. |
||
| 300 |
_a709 p. : _bill; _c24 cm. |
||
| 500 | _ainclude index. | ||
| 650 | _acomputer science/ Java programming Language | ||
| 700 | _aJohn W.Satzinger | ||
| 999 |
_c35605 _d35605 |
||